Scottish Slang - Statistics

General Stats
  • This quiz has been taken 57 times
  • The average score is 6 of 20
Answer Stats
Hint Answer % Correct
Food, to eat scran
93%
Child wain
69%
Scrotum bawbag
53%
Urine pish
53%
Electricity lecky
49%
Non-educated delinquent ned
44%
Faeces jobby
40%
Shut up weesht
31%
Disgusting, gross boggin
24%
To ignore, to abandon patch
24%
To vomit whitey
22%
To gag boak
20%
Chat blether
9%
Busy hoachin
9%
Reckless, dangerous idiot radge
7%
To take a look, glance swatch
7%
Bad smelling bowfin
4%
Penis dobber
4%
Head dome
4%
Cheer of celebration yaldi
2%
No matching quizzes found
Score Distribution
Percent of People with Each Score
Percentile by Number Answered
Your Score History
You have not taken this quiz